000
00206nam a2200085 4500
001
1255192
005
20251208101317.0
245
_a
AKLIN ŞÜPHESİ SUÇUN GERÇEĞİDİR
_c
CUMHUR MISIRLIOĞLU
260
_b
MARTI
999
_c
1255192
_d
1255192